000
00216nam a22000977a 4500
003
OSt
008
210116b ||||| |||| 00| 0 eng d
100
_a
Vinayan
_9
4872
245
_a
Koovalam veendum thalirthu
942
_c
BK
999
_c
16570
_d
16570